Score 0/21 Timer 04:00
4 Plays Today
% Correct
Dead
99.3%
Desperate
97.7%
Downton
97.5%
Dolly!
93.4%
DuckTales
92.7%
Daniel Day-Lewis
92.7%
Dreamgirls
92.5%
David Duchovny
91.7%
Dick Grayson
87.6%
Duffman
87.2%
Deadpool
78.5%
% Correct
Dalai Lama
77.7%
Diana Prince
77.3%
Doctor Doom
76.3%
Damn Yankees
74.7%
Doris Day
73.5%
Didi
73.4%
Daredevil
72.6%
Deadshot
63.6%
Dorothy Parker
61%
Daphne du Maurier
41.7%

You're not logged in!

Compare scores with friends on all Sporcle quizzes.
OR
Log In

Sporcle TV

Today on Sporcle TV


Watch our educational content, quiz creation guides, and fun videos on Sporcle TV.

Show Comments

Extras

Top Quizzes Today


Score Distribution

Your Account Isn't Verified!

In order to create a playlist on Sporcle, you need to verify the email address you used during registration. Go to your Sporcle Settings to finish the process.

Report this User

Report this user for behavior that violates our Community Guidelines.

Details: